| 000 | 00578nam a2200181Ia 4500 | ||
|---|---|---|---|
| 003 | STCL | ||
| 008 | 181203s9999 xx 000 0 und d | ||
| 020 | _a9788176383257 | ||
| 040 |
_aSTCL _bEN _cSTCL |
||
| 082 | _222 | ||
| 100 | _aBalakrishnan Nair, G. | ||
| 245 | 0 | _aവേദാന്ത ദർശനം: ഉപനിഷത് സ്വാധ്യായം: ഭാഗം 1 | |
| 246 | _aVedantadarsanam: Upanishad Swadhyayam: Volume 1 | ||
| 260 |
_bThe State Institute of Languages _aThiruvananthapuram _c2013 |
||
| 300 | _a750 | ||
| 546 | _aMalayalam | ||
| 942 |
_2ddc _cBK |
||
| 999 |
_c85153 _d85153 |
||